| Поле | Инд. | ПП | Название | Значение |
|---|---|---|---|---|
| Тип записи | a | |||
| Библиографический уровень | m | |||
| 001 | Контрольный номер | 6503d8c9-7362-4dfd-a900-393ec502bf2a | ||
| 005 | Дата корректировки | 20201016092433.3 | ||
| 008 | Кодируемые данные | 031215 | ||
| 020 | a | ISBN | 5-9221-0122-6 | |
| 020 | a | ISBN | 5-9221-0053-X | |
| 040 | a | Служба первич. каталог. | НБ ТвГУ | |
| 041 | 0_ | a | Код языка текста | rus |
| 080 | a | Индекс УДК | 530.1(075.8) | |
| a | Индекс УДК | 539.3(075.8) | ||
| 084 | a | Индекс другой классификации/Индекс ББК | В31я73-1 | |
| a | Индекс другой классификации/Индекс ББК | В251.1я73-1 | ||
| 090 | x | Авторский знак | Л 22 | |
| a | Полочн. индекс | В31 | ||
| 100 | 1_ | a | Автор | Ландау Лев Давидович |
| e | Роль лиц | Автор | ||
| 245 | 10 | a | Заглавие | Теоретическая физика |
| n | Номер части/ раздела | Т. 7 | ||
| p | Название части/ раздела | Теория упругости | ||
| b | Продолж. заглавия | в 10 т. : учебное пособие для студентов физических специальностей университетов | ||
| c | Ответственность | Л. Д. Ландау и Е. М. Лифшиц ; под редакцией Л. П. Питаевского | ||
| 250 | a | Основные сведения об издании | Изд. 5-е, стер. | |
| 260 | 0_ | a | Место издания | Москва |
| b | Издательство | Физматлит | ||
| c | Дата издания | 2003 | ||
| 300 | a | Объем | 259 с. | |
| b | Иллюстрации/ тип воспроизводства | ил. | ||
| 440 | _0 | a | Серия | Теоретическая фихика : В 10 т. |
| 504 | a | Библиография | Предм. указ.: с. 258-259. | |
| 583 | a | Действие | Получение впервые 328 09.12.2003 | |
| k | Исполнитель действия | Акт передачи | ||
| 653 | 0_ | a | Ключевые слова | Физика |
| a | Ключевые слова | Теоретическая физика | ||
| a | Ключевые слова | Упругость | ||
| a | Ключевые слова | Теория упругости | ||
| a | Ключевые слова | Учебники для вузов | ||
| 700 | 1_ | a | Другие авторы | Лифшиц Евгений Михайлович |
| e | Роль лиц | Автор | ||
| 700 | 1_ | a | Другие авторы | Питаевский Лев Петрович |
| e | Роль лиц | ред. | ||
| 852 | 41 | t | Порядковый номер экземпляра | 2 |
| 888 | a | За счет средств "ИнноЦентра" | ||
| 901 | t | Тип документа | m | |
| 910 | a | гриф есть* | ||
| 920 | a | Оператор | Поля | |
| a | Оператор | Суха | ||
| a | Оператор | Стро | ||
| 952 | c | Вид литературы | К ру | |
| 954 | a | Дата поступления на обработку | 20040106 | |
| 954 | a | Дата поступления на обработку | 20201009 | |
| c | Дата окончания ОНО | 20201016 |